El fideicomiso re residuo en derecho romano
Պահպանված է:
| Հիմնական հեղինակ: | |
|---|---|
| Ձևաչափ: | Գիրք |
| Լեզու: | իսպաներեն |
| Հրապարակվել է: |
Valladolid
Universidad de Valladolid
1989
|
| Շարք: | Derecho, 14
|
| Խորագրեր: | |
| Ցուցիչներ: |
Ավելացրեք ցուցիչ
Չկան պիտակներ, Եղեք առաջինը, ով նշում է այս գրառումը!
|
MARC
| LEADER | 00000nam a2200000 a 4500 | ||
|---|---|---|---|
| 001 | UCR0975 | ||
| 003 | CL-VaPUC | ||
| 008 | 971205e19890000SP |||||||||||||||||spa|d | ||
| 082 | 0 | 4 | |a 340.54 |b MUR |2 21 |
| 100 | |a Murillo Villar, Alfonso |e autor |9 620113 | ||
| 245 | 1 | 3 | |a El fideicomiso re residuo en derecho romano |
| 300 | |a 171 p | ||
| 942 | |c BK | ||
| 945 | |d 19971205 00:00:00 |a aolguin | ||
| 260 | |a Valladolid |b Universidad de Valladolid |c 1989 | ||
| 650 | 0 | |a Derecho romano |9 255930 | |
| 650 | 0 | |a Derecho sucesorio |9 255015 | |
| 650 | 0 | |a Fideicomiso |9 258680 | |
| 650 | 0 | |a Historia |9 255047 | |
| 650 | 0 | |a Derecho civil |9 255013 | |
| 650 | 7 | |a INFLUENCIAS |2 CL-VaPUC |9 392669 | |
| 651 | 0 | |a España |9 254926 | |
| 583 | |a last modification |c 19971205 00:00:00 |k Rodrigo Vera | ||
| 490 | 0 | |a Derecho, 14 | |
| 999 | |c 264472 |d 264470 | ||
| 952 | |0 0 |1 0 |4 0 |6 340_540000000000000_MUR_1989 |7 0 |8 DER_ROM |9 294750 |a BIBDER |b BIBDER |d 2019-11-19 |i 190910K |o 340.54 MUR 1989 |p 190910K |r 2023-01-25 |w 2019-11-19 |x Ubicación 4to piso |y BK |z Este recurso debe solicitarse con anticipación |k DER | ||
| 952 | |0 0 |1 0 |4 0 |6 340_540000000000000_MUR_1989 |7 0 |8 A |9 294751 |a BIBDER |b BIBDER |d 2019-11-19 |i 3429598 |o 340.54 MUR 1989 |p 3429598 |r 2023-01-25 |w 2019-11-19 |y BK |k DER | ||